000
00330nam a22001457a 4500
008
210527b ||||| |||| 00| 0 eng d
020
_a
9781305103702
041
_a
eng
080
_2
2nd
_a
371
082
_a
371
100
_a
46
101
_a
EDU
245
_a
Fusion Integrated Reading and Writing
_c
Kemper,
942
_2
udc
_c
BK
999
_c
57713
_d
57713